デューイ研究所 : The Dewey laboratory school

Zapisane w:
Opis bibliograficzny
1. autor: Umene, Satoru
Format: Książka
Język:Undetermined
Wydane: Japan 小貫英 1978
Hasła przedmiotowe:
Etykiety: Dodaj etykietę
Nie ma etykietki, Dołącz pierwszą etykiete!
Thư viện lưu trữ: Trung tâm Học liệu Trường Đại học Cần Thơ
LEADER 00603nam a2200205Ia 4500
001 CTU_232265
008 210402s9999 xx 000 0 und d
082 |a 370.952 
082 |b U49/Vol. 4 
100 |a Umene, Satoru 
245 0 |a デューイ研究所 : 
245 4 |b The Dewey laboratory school 
245 0 |c 梅根 悟, 石原 静子 (Satoru Umene, Shizuko Ishihara) 
260 |a Japan 
260 |b 小貫英 
260 |c 1978 
650 |a Giáo dục,Education 
650 |z Nhật Bản,Japan 
910 |a Tuyến 
980 |a Trung tâm Học liệu Trường Đại học Cần Thơ